| 000 | 00762nam a2200229 i 4500 | ||
|---|---|---|---|
| 001 | bg | ||
| 100 | 1 | _aSAWICKI, Jan Kazimierz. | |
| 245 | 1 | 0 |
_aRatownictwo morskie w Polsce. _nT. 1, _p(1920-1950) / _cJan Kazimierz Sawicki. |
| 260 |
_aGdynia : _bPracownia Historii Wyższej Szkoły Morskiej, _c2001. |
||
| 300 |
_aXVI, 453 s., [2] s. tabl. : _bmapy, 2 pl. ; _c24 cm. |
||
| 490 | 1 |
_aKsięgi Floty Ojczystej, _x1230-7092 ; _vt. 15 |
|
| 504 | _aBibliogr. Indeksy. | ||
| 650 | 9 |
_aRatownictwo morskie _xhistoria _zPolska _y20 w. |
|
| 830 |
_aKsięgi Floty Ojczystej, _x1230-7092 ; |
||
| 020 | _a8388583034 | ||
| 040 | _cBPK | ||
| 041 | 0 | _apl | |
| 080 | _a656.61.08(438)"19" | ||
| 920 | _a83-88583-03-4 | ||
| 942 | _cKS | ||
| 008 | s pl f |000 0 pol | ||
| 999 |
_c40953 _d40953 |
||
| 856 |
_uhttp://koha.tu.koszalin.pl/cgi-bin/koha/opac-detail.pl?biblionumber=40953 _yKatalog online BPK |
||